Countries Containing T - Three Minute Sprint - Statistics

General Stats
  • This quiz has been taken 415 times
  • The average score is 42 of 66
Answer Stats
country % Correct
United States
89%
Tajikistan
88%
Turkmenistan
86%
Australia
85%
Austria
85%
Turkey
85%
South Africa
84%
South Korea
83%
Pakistan
80%
Afghanistan
79%
Trinidad and Tobago
79%
Thailand
77%
Tuvalu
76%
United Arab Emirates
76%
United Kingdom
76%
Lithuania
75%
South Sudan
75%
Uzbekistan
75%
Argentina
74%
Italy
74%
Togo
74%
Tonga
73%
Latvia
72%
Kazakhstan
71%
North Korea
71%
Estonia
70%
Kyrgyzstan
70%
Portugal
70%
St Kitts and Nevis
69%
St Lucia
69%
Switzerland
68%
St Vincent and the Grenadines
67%
Antigua and Barbuda
66%
Egypt
66%
Guatemala
66%
Netherlands
66%
Taiwan
66%
Tanzania
66%
Tunisia
66%
Haiti
64%
Costa Rica
61%
Ethiopia
61%
Liechtenstein
61%
Malta
58%
Vatican City
58%
Kuwait
57%
Mauritania
57%
Vanuatu
57%
Kiribati
56%
Bhutan
54%
Montenegro
53%
Croatia
52%
Mauritius
52%
Timor-Leste
52%
Eritrea
50%
Central African Republic
48%
Vietnam
45%
Botswana
44%
Qatar
44%
Equatorial Guinea
41%
Djibouti
39%
São Tomé and Príncipe
39%
Côte d'Ivoire
35%
Lesotho
34%
Palestine
12%
Sint Maarten
7%
No matching quizzes found
Score Distribution
Percent of People with Each Score
Percentile by Number Answered
Your Score History
You have not taken this quiz